[Event "FRA-ch U16"]
[Site "Montlucon"]
[Date "2011.04.18"]
[Round "2"]
[White "Mkrtchyan, Armen"]
[Black "Feryn, Benjamin"]
[Result "1/2-1/2"]
[WhiteElo "1883"]
[BlackElo "2056"]
[PlyCount "112"]
[EventDate "2011.04.17"]
[EventType "swiss"]
[EventRounds "9"]
[EventCountry "FRA"]
[SourceTitle "CBM 142 Extra"]
[Source "ChessBase"]
[SourceDate "2011.06.27"]
[SourceVersion "1"]
[SourceVersionDate "2011.06.27"]
[SourceQuality "1"]

1. e4 e5 2. Nf3 Nc6 3. Bb5 Nge7 4. d4 exd4 5. Nxd4 g6 6. 0-0 Bg7 7. c3 0-0 8. Bg5 h6 9. Bh4 Nxd4 10. cxd4 c6 11. Bc4 g5 12. Bg3 d5 13. exd5 Nxd5 14. Bb3 Ne7 15. Be5 Bxe5 16. dxe5 Qxd1 17. Rxd1 Ng6 18. Re1 Re8 19. Nd2 Re7 20. Rad1 Bf5 21. Nf3 Bg4 22. Rd6 Kf8 23. Nd4 Rae8 24. f3 Bc8 25. e6 fxe6 26. Nxe6+ Bxe6 27. Rdxe6 Rxe6 28. Rxe6 Rxe6 29. Bxe6 Ne5 30. Bf5 Ke7 31. Kf2 Kd6 32. Ke2 Kc5 33. g3 Nc4 34. b3 Nd6 35. Bg6 Kb4 36. Kd3 c5 37. Kc2 Ka3 38. Kb1 a5 39. f4 gxf4 40. gxf4 b6 41. Bd3 b5 42. f5 c4 43. bxc4 bxc4 44. Bc2 Ne8 45. h4 Kb4 46. Kb2 c3+ 47. Kb1 Kc4 48. a3 Nf6 49. Ka2 h5 50. Kb1 Kd4 51. Ka2 Ke3 52. Kb3 Kd2 53. a4 Nd7 54. Bb1 Nc5+ 55. Kc4 Nd7 56. Kb3 Nf6 1/2-1/2